| 000 | 00473nam a2200145Ia 4500 | ||
|---|---|---|---|
| 003 | OSt | ||
| 005 | 20260331151006.0 | ||
| 008 | 211028s2011 xx 000 0 und d | ||
| 040 | _cAIMIT LIBRARY | ||
| 041 | _aeng | ||
| 100 |
_aD Souza;Royson Glen;D Souza, Claret. _g916064 _96825 |
||
| 245 | _aTo assess the market potential of builders and architects in Mangalore for the products of carl of Bangalore / | ||
| 260 |
_aBangalore _bD Souza, Claret _c2011 |
||
| 942 |
_2ddc _cPRO |
||
| 999 |
_c218395 _d218395 |
||